000 00644cas a22002055a 4500
001 L130996
008 050920d19561962xxumr p 0 a0eng u
035 _a(Sirsi) u130996
041 0 _aeng
110 2 _aSociety of Residential Appraisers
_95285
245 0 0 _aResidential Appraiser
260 _aChicago
_bSociety of Residential Appraisers
_c1956-1962
362 _a22[10] October 1956-28[12] December 1962
554 _a12 per year
651 4 _aUnited States
_y1959-
690 _aPROPERTY-PROPERTY APPRAISAL AND VALUATION
780 0 0 _tThe Review
_bSociety of Residential Appraisers
785 0 0 _tReal Estate Appraiser
942 _n0
999 _c118835
_d118835